[Event "Kinross USSA (Women) op"]
[Site "Kinross"]
[Date "2018.07.06"]
[Round "9"]
[White "Engelbrecht, Liezl"]
[Black "Mak, Cora"]
[Result "1/2-1/2"]
[WhiteElo "1520"]
[BlackElo "1514"]
[PlyCount "87"]
[EventDate "2018.07.02"]
[EventType "swiss"]
[EventRounds "9"]
[EventCountry "RSA"]
[SourceTitle "CBM 185 Extra"]
[Source "ChessBase"]
[SourceDate "2018.07.29"]
[SourceVersion "1"]
[SourceVersionDate "2018.07.29"]
[SourceQuality "1"]

1. Nf3 c5 2. c4 Nc6 3. Nc3 g6 4. g3 Bg7 5. Bg2 e6 6. 0-0 Nge7 7. d3 0-0 8. Rb1 d5 9. Bd2 b6 10. a3 dxc4 11. dxc4 Ba6 12. b3 Rc8 13. Qc1 Nf5 14. e3 Qe7 15. Rd1 Bb7 16. Ne4 Ncd4 17. Nxd4 cxd4 18. Bb4 Qc7 19. Bxf8 Kxf8 20. exd4 Nxd4 21. Qe3 Nf5 22. Qd3 Qc6 23. Qd7 Nd4 24. Qxc6 Bxc6 25. Ng5 Ne2+ 26. Kf1 Nc3 27. Bxc6 Nxd1 28. Rxd1 Rxc6 29. Nxh7+ Ke7 30. Ng5 Rc7 31. Ke2 Bb2 32. a4 f6 33. Nf3 Ba3 34. h4 Bc5 35. Nh2 Rc8 36. f4 Rh8 37. Nf3 Bd6 38. Nd4 a6 39. Nf3 Rc8 40. Rh1 Rh8 41. Nd2 Kf7 42. Ne4 Be7 43. Rd1 Rd8 44. Rxd8 1/2-1/2

[Event "Kinross USSA (Women) op"]
[Site "Kinross"]
[Date "2018.07.06"]
[Round "8"]
[White "Mak, Cora"]
[Black "De Kock, Lene"]
[Result "1-0"]
[WhiteElo "1514"]
[BlackElo "1307"]
[PlyCount "87"]
[EventDate "2018.07.02"]
[EventType "swiss"]
[EventRounds "9"]
[EventCountry "RSA"]
[SourceTitle "CBM 185 Extra"]
[Source "ChessBase"]
[SourceDate "2018.07.29"]
[SourceVersion "1"]
[SourceVersionDate "2018.07.29"]
[SourceQuality "1"]

1. e4 d6 2. f4 Nf6 3. Nc3 c6 4. Nf3 Nbd7 5. g3 e5 6. d3 Be7 7. Bg2 Qb6 8. Qe2 0-0 9. Qe3 Qxe3+ 10. Bxe3 Ng4 11. Bd2 f5 12. 0-0 fxe4 13. Nxe4 d5 14. Neg5 Bc5+ 15. d4 exd4 16. Ne6 d3+ 17. Nxc5 Nxc5 18. Bb4 b6 19. cxd3 Re8 20. Bxc5 bxc5 21. Rfe1 Ba6 22. h3 Ne3 23. Rac1 Bxd3 24. Ne5 Nxg2 25. Kxg2 Be4+ 26. Kf2 Rab8 27. b3 Rb6 28. Rxc5 Ra6 29. Re2 Bf5 30. g4 Bb1 31. Rc1 Bg6 32. Rxc6 Rxc6 33. Nxc6 Rxe2+ 34. Kxe2 Bb1 35. Nxa7 Bxa2 36. b4 Kf7 37. Kd3 Ke6 38. Kd4 Kd6 39. Nb5+ Kc6 40. Nc3 Bc4 41. Ke5 h6 42. h4 Bb3 43. g5 hxg5 44. hxg5 1-0

[Event "Kinross USSA (Women) op"]
[Site "Kinross"]
[Date "2018.07.03"]
[Round "3"]
[White "Maharaj, Varsana"]
[Black "Mak, Cora"]
[Result "0-1"]
[WhiteElo "1214"]
[BlackElo "1514"]
[PlyCount "91"]
[EventDate "2018.07.02"]
[EventType "swiss"]
[EventRounds "9"]
[EventCountry "RSA"]
[SourceTitle "CBM 185 Extra"]
[Source "ChessBase"]
[SourceDate "2018.07.29"]
[SourceVersion "1"]
[SourceVersionDate "2018.07.29"]
[SourceQuality "1"]

1. e4 c5 2. Nf3 Nc6 3. Bc4 d6 4. h3 Nf6 5. Nc3 g6 6. d4 cxd4 7. Nxd4 Bg7 8. Be3 0-0 9. Qd2 a6 10. f3 Qc7 11. a3 Nxd4 12. Qxd4 Ng4 13. Nd5 Bxd4 14. Nxc7 Nxe3 15. Nxa8 Nxc2+ 16. Ke2 Nxa1 17. Rxa1 Bxb2 18. Ra2 Bd4 19. Nc7 e6 20. Rc2 Bd7 21. Rd2 Be5 22. Nxa6 bxa6 23. Bxa6 Ra8 24. Bc4 Rxa3 25. Rd3 Rxd3 26. Kxd3 Bg3 27. Ke3 g5 28. Bb3 Bb5 29. Kd4 Bf1 30. Bc4 Bxg2 31. Be2 Bxh3 32. Ke3 Bf4+ 33. Kf2 Kg7 34. Bd3 h5 35. Be2 h4 36. Bd3 e5 37. Kg1 Be6 38. Kh1 Bb3 39. Be2 d5 40. exd5 Bxd5 41. Kg2 e4 42. fxe4 Bxe4+ 43. Kh3 Bf5+ 44. Kg2 Be4+ 45. Kh3 f5 46. Bf1 0-1